Statistics for Danish songs

Click here to take the quiz!

General Stats

  • This quiz has been taken 14 times
  • The average score is 6 of 8

Answer Stats

Answer% Correct
Kim Larsen
100%
Tobias Rahim
92%
Rasmus Seebach
85%
Andreas Odbjerg
77%
Minds of 99
69%
Nephew
62%
Hugorm
54%
Peter sommer
54%

Score Distribution

Percentile by Number Answered

Percent of People with Each Score

Your Score History

You have not taken this quiz